000
00291nam a22001337a 4500
008
181122b xxu||||| |||| 00| 0 eng d
020
_a
18002844145
041
_a
eng
080
_a
612.39
100
_a
10
101
_a
NUT
245
_a
The Italian Collection
_c
Cowin,D
942
_2
udc
_c
BK
999
_c
52332
_d
52332